| 000 | 00912nam a2200181Ia 4500 | ||
|---|---|---|---|
| 008 | 151202s9999||||xx |||||||||||||| ||und|| | ||
| 082 | _bPNVM-81589 | ||
| 100 | _aपारखे म.स/बाबूराव. | ||
| 245 | _aतन्त्रोक्तश्रीव्यिा -श्रीभार्गवकवच संस्कृत-मराठी. | ||
| 260 | _bमोंडकर ज.आ. मुंबई. | ||
| 260 | _c1965 | ||
| 300 | _a38 | ||
| 600 | _aपारखे म.स/बाबूराव. | ||
| 630 | _aतन्त्रोक्तश्रीव्यिा -श्रीभार्गवकवच संस्कृत-मराठी. | ||
| 700 | _aपारखे म.स/बाबूराव. | ||
| 730 | _aतन्त्रोक्तश्रीव्यिा -श्रीभार्गवकवच संस्कृत-मराठी. | ||
| 942 | _cBOOK | ||
| 999 |
_c1346197 _d1346194 |
||